[Event "Moscow Open 2009 A"]
[Site ""]
[Date "2009.02.02"]
[Round "3.48"]
[White "Zinchenko, Yaroslav"]
[Black "Semin, Gennadiy"]
[Result "1-0"]
[WhiteElo "2527"]
[BlackElo "2171"]
[Annotator ""]
[Source ""]
[Remark ""]

1.e4 d6 2.d4 Nf6 3.Nc3 c6 4.Be3 Qa5 5.Qd2 e5 6.h3 b5 7.Bd3 Be7
8.Nf3 O-O 9.O-O Qc7 10.dxe5 dxe5 11.Ne2 Nbd7 12.Ng3 Rd8 13.Nf5
Nc5 14.Nxe7+ Qxe7 15.Qc3 Nfxe4 16.Bxe4 Nxe4 17.Qxc6 Bb7 18.Qxb5
Rd5 19.Qe2 f5 20.Rad1 Ra5 21.Qc4+ Kh8 22.Rfe1 Rc8 23.Qb3 f4 24.Bd2
Bd5 25.Qb4 Rac5 26.Rxe4 a5 27.Qd4 Qb7 28.Rxe5 Bxf3 29.Rxc5 Bxd1
30.Rxc8+ Qxc8 31.Bc3 1-0

[Event "Moscow Open 2009 A"]
[Site ""]
[Date "2009.02.02"]
[Round "3.49"]
[White "Geller, Jakov"]
[Black "Apryshko, Gleb"]
[Result "1-0"]
[WhiteElo "2523"]
[BlackElo "2074"]
[Annotator ""]
[Source ""]
[Remark ""]

1.c4 e6 2.Nc3 d5 3.d4 Nf6 4.cxd5 exd5 5.Bg5 Be7 6.e3 O-O 7.Bd3
Nbd7 8.Nge2 Re8 9.O-O c6 10.Qc2 Ne4 11.Bf4 Nxc3 12.Bxh7+ Kh8
13.Nxc3 g6 14.Bxg6 fxg6 15.Nxd5 Nf6 16.Nc7 Bf5 17.Qb3 Qd7 18.Nxa8
Rxa8 19.f3 Be6 20.Qd3 Kg7 21.e4 Rh8 22.Rfd1 Kf7 23.b3 Qd8 24.Be5
Qg8 25.Rac1 g5 26.d5 cxd5 27.Rc7 1-0

[Event "Moscow Open 2009 A"]
[Site ""]
[Date "2009.02.02"]
[Round "3.50"]
[White "Antipov, Mikhail Al"]
[Black "Sargissian, Gabriel"]
[Result "0-1"]
[WhiteElo "2194"]
[BlackElo "2677"]
[Annotator ""]
[Source ""]
[Remark ""]

1.e4 c6 2.d4 d5 3.e5 Bf5 4.Nd2 e6 5.Nb3 Nd7 6.Nf3 Ne7 7.Be2 Nc8
8.Bd2 Be7 9.O-O O-O 10.a4 Ncb6 11.Ba5 Qc8 12.Bxb6 axb6 13.c4
Nb8 14.Qd2 dxc4 15.Bxc4 Na6 16.Nc1 Rd8 17.Ne2 Nb4 18.b3 Qd7 19.Rac1
b5 20.Ng3 bxc4 21.Nxf5 exf5 22.bxc4 Rxa4 23.Rfd1 h6 24.h4 b5
25.Qe2 Ra2 26.Qf1 bxc4 27.Qxc4 Qd5 28.Qxd5 Rxd5 0-1

[Event "Moscow Open 2009 A"]
[Site ""]
[Date "2009.02.02"]
[Round "3.51"]
[White "Guseinov, Gadir"]
[Black "Reutsky, Sergei"]
[Result "1-0"]
[WhiteElo "2661"]
[BlackElo "2381"]
[Annotator ""]
[Source ""]
[Remark ""]

1.e4 e6 2.Nc3 d5 3.Nf3 d4 4.Ne2 c5 5.c3 Nf6 6.Ng3 h5 7.h4 Nc6
8.Bb5 Bd7 9.Qe2 Bd6 10.cxd4 Bxg3 11.fxg3 cxd4 12.O-O Qb6 13.Bd3
Nb4 14.a4 Bc6 15.Ng5 e5 16.b3 Nxd3 17.Qxd3 O-O 18.Ba3 Rfe8 19.Qc4
Qc7 20.Rf5 Qd7 21.Raf1 Rac8 22.Qd3 b5 23.Rxf6 gxf6 24.Rxf6 b4
25.Bxb4 Qg4 26.Qc4 Re6 27.Rxf7 Bd7 28.Qf1 1-0

[Event "Moscow Open 2009 A"]
[Site ""]
[Date "2009.02.02"]
[Round "3.52"]
[White "Savchenko, Boris"]
[Black "Gershkowich, David"]
[Result "1-0"]
[WhiteElo "2654"]
[BlackElo "2360"]
[Annotator ""]
[Source ""]
[Remark ""]

1.d4 d5 2.c4 e6 3.Nc3 Be7 4.Nf3 Nf6 5.Bg5 O-O 6.e3 h6 7.Bh4 b6
8.Rc1 Bb7 9.Bxf6 Bxf6 10.cxd5 exd5 11.g3 c5 12.Bg2 Nc6 13.dxc5
d4 14.Nxd4 Bxd4 15.exd4 Re8+ 16.Kf1 Ba6+ 17.Kg1 Nxd4 18.Bxa8
Qxa8 19.Qxd4 Bb7 20.Rf1 Bxh1 21.f3 Bxf3 22.cxb6 axb6 23.Qxb6
Bg2 24.Rd1 Bh3 25.Qf2 Re5 26.g4 h5 27.Qd2 Qc6 28.Qf2 hxg4 29.Ne2
g5 30.Ng3 f5 31.Ne2 Qc2 32.Nc3 Qxf2+ 33.Kxf2 f4 34.Rd3 Kg7 35.a4
Kg6 36.b4 Kh5 37.b5 Kh4 38.b6 Rf5 39.Rd4 Rf6 40.a5 1-0

[Event "Moscow Open 2009 A"]
[Site ""]
[Date "2009.02.02"]
[Round "3.53"]
[White "Aleksandrov, Aleksej"]
[Black "Kulakov, Viacheslav"]
[Result "1-0"]
[WhiteElo "2636"]
[BlackElo "2360"]
[Annotator ""]
[Source ""]
[Remark ""]

1.d4 d5 2.c4 c6 3.Nc3 Nf6 4.e3 e6 5.Nf3 Nbd7 6.Qc2 Bd6 7.g4 h6
8.h3 Qe7 9.Bd2 b6 10.cxd5 exd5 11.Bd3 Bb7 12.O-O-O O-O-O 13.Rhe1
Rhe8 14.e4 dxe4 15.Nxe4 Qf8 16.Kb1 Kb8 17.Nxd6 Qxd6 18.g5 Nd5
19.Bf5 hxg5 20.Nxg5 Rxe1 21.Rxe1 Qf6 22.Qb3 Ba6 23.Qg3+ Kb7 24.Bc2
Qxd4 25.Nxf7 Rf8 26.Nd6+ Ka8 27.Ne4 Re8 28.a3 Rxe4 29.Rxe4 Qxd2
30.Re8+ Kb7 31.Qxg7 N5f6 32.Re7 Qd6 33.Rf7 Kc8 34.Qh8+ Kc7 35.Qh4
Kb7 36.Ka2 Be2 37.Bb3 b5 38.Qg3 Qc5 39.Qf4 Bc4 40.Bxc4 Qxc4+
41.Qxc4 bxc4 42.Re7 Kb6 43.f4 Kc5 44.f5 Kd6 45.Re6+ Kd5 46.h4
Nh5 47.Re7 Kd6 48.Re3 1-0

[Event "Moscow Open 2009 A"]
[Site ""]
[Date "2009.02.02"]
[Round "3.54"]
[White "Kobalia, Mikhail"]
[Black "Zolotukhin, Valery"]
[Result "1-0"]
[WhiteElo "2634"]
[BlackElo "2358"]
[Annotator ""]
[Source ""]
[Remark ""]

1.e4 Nc6 2.Nf3 d5 3.exd5 Qxd5 4.Nc3 Qa5 5.Bb5 Bd7 6.d4 a6 7.Bxc6
Bxc6 8.O-O Qh5 9.d5 O-O-O 10.Qd4 Nf6 11.Ne5 Nxd5 12.Nxc6 bxc6
13.Qa7 Nxc3 14.bxc3 e5 15.f3 Bd6 16.Ba3 Bxa3 17.Qxa6+ Kd7 18.Qxa3
Ke6 19.Qc5 Rd6 20.f4 Re8 21.fxe5 Kd7 22.e6+ 1-0

[Event "Moscow Open 2009 A"]
[Site ""]
[Date "2009.02.02"]
[Round "3.55"]
[White "Kazhgaleyev, Murtas"]
[Black "Stukopin, Andrey"]
[Result "1-0"]
[WhiteElo "2630"]
[BlackElo "2357"]
[Annotator ""]
[Source ""]
[Remark ""]

1.d4 d5 2.c4 dxc4 3.e3 Nf6 4.Bxc4 e6 5.Nf3 a6 6.O-O c5 7.dxc5
Qxd1 8.Rxd1 Bxc5 9.Be2 O-O 10.b3 Nbd7 11.Bb2 b6 12.Nbd2 Bb7 13.Nc4
Bd5 14.Rac1 Rac8 15.Nce5 Nxe5 16.Nxe5 b5 17.Nd3 Be7 18.f3 Bb7
19.e4 Rxc1 20.Rxc1 Rc8 21.Rxc8+ Bxc8 22.Kf2 Nd7 23.Ke3 f6 24.f4
Kf7 25.Bd4 Bb7 26.g3 f5 27.Bh5+ g6 28.Bf3 fxe4 29.Bxe4 Bxe4 30.Kxe4
h5 31.h3 Bd6 32.Ne1 Be7 33.Be3 Bf6 34.Nf3 Bd8 35.Bf2 Be7 36.Be3
Bf6 37.Ba7 Ke7 38.Bd4 Kf7 39.Bxf6 Kxf6 40.Ne5 Nb6 41.a3 Nd5 42.Nd7+
Ke7 43.Nc5 a5 44.Ke5 Nb6 45.Kd4 a4 46.bxa4 bxa4 47.Ne4 Nd5 48.Nc3
Kd6 49.Nxd5 exd5 50.g4 Ke6 51.Kc5 1-0

[Event "Moscow Open 2009 A"]
[Site ""]
[Date "2009.02.02"]
[Round "3.56"]
[White "Li, Chao B"]
[Black "Kremenietsky, Anatoly M"]
[Result "1-0"]
[WhiteElo "2628"]
[BlackElo "2346"]
[Annotator ""]
[Source ""]
[Remark ""]

1.e4 d6 2.d4 Nf6 3.Nc3 g6 4.f4 Bg7 5.Nf3 O-O 6.Be3 b6 7.Bc4 Bb7
8.e5 Ng4 9.Qe2 e6 10.O-O-O Bxf3 11.Qxf3 Nxe3 12.Qxe3 d5 13.Be2
Qe7 14.Bf3 c6 15.h4 Nd7 16.h5 h6 17.g4 g5 18.fxg5 Qxg5 19.Qxg5
hxg5 20.h6 Bh8 21.h7+ Kg7 22.Rh5 f6 23.exf6+ Rxf6 24.Rxg5+ Kf7
25.Be2 Rf4 26.Bd3 Bf6 27.Rh5 Rxg4 28.Rf1 Rh8 29.Ne2 Ke7 30.Kd1
c5 31.Nf4 Nf8 32.c3 Rh4 33.Rxh4 Bxh4 34.Rg1 a5 35.Rg8 Bf6 36.Nh5 1-0

[Event "Moscow Open 2009 A"]
[Site ""]
[Date "2009.02.02"]
[Round "3.57"]
[White "Belov, Vladimir"]
[Black "Airapetian, Gor"]
[Result "1-0"]
[WhiteElo "2627"]
[BlackElo "2346"]
[Annotator ""]
[Source ""]
[Remark ""]

1.e4 c6 2.d4 d5 3.e5 Bf5 4.h4 h5 5.c4 e6 6.Bg5 Qb6 7.Qd2 dxc4
8.Nc3 Bd3 9.Bxd3 cxd3 10.Nf3 Ne7 11.O-O Na6 12.a3 Nc7 13.Qxd3
Nf5 14.Nd1 Qb5 15.Qd2 Nd5 16.Nc3 Qb3 17.Ne4 Be7 18.Bxe7 Ndxe7
19.Rfd1 Rd8 20.a4 Qd5 21.Qe2 Rh6 22.g3 Rg6 23.Nfg5 1-0

[Event "Moscow Open 2009 A"]
[Site ""]
[Date "2009.02.02"]
[Round "3.58"]
[White "Onoprienko, Vladimir"]
[Black "Lysyj, Igor"]
[Result "0-1"]
[WhiteElo "2372"]
[BlackElo "2620"]
[Annotator ""]
[Source ""]
[Remark ""]

1.e4 e6 2.Nf3 d5 3.Nc3 Nf6 4.e5 Nfd7 5.d4 c5 6.dxc5 Nc6 7.Bf4
Be7 8.h4 Nxc5 9.Qd2 f6 10.Bd3 O-O 11.exf6 Bxf6 12.Bg5 Bd7 0-1

[Event "Moscow Open 2009 A"]
[Site ""]
[Date "2009.02.02"]
[Round "3.59"]
[White "Fedorov, Alexei"]
[Black "Gerasimov, Ivan"]
[Result "1/2-1/2"]
[WhiteElo "2619"]
[BlackElo "2342"]
[Annotator ""]
[Source ""]
[Remark ""]

1.e4 c5 2.Nf3 d6 3.Bc4 Nf6 4.d3 Nc6 5.c3 g6 6.O-O Bg7 7.Bb3 O-O
8.Re1 e5 9.Bg5 h6 10.Bxf6 Qxf6 11.Nbd2 Rb8 12.a3 h5 13.h3 Bd7
14.Nf1 Ne7 15.Ne3 Rfc8 16.Nd5 Nxd5 17.Bxd5 Rc7 18.a4 Bh6 19.a5
Kh7 20.Rb1 Rg8 21.Kh2 Bc8 22.Qc2 1/2-1/2

[Event "Moscow Open 2009 A"]
[Site ""]
[Date "2009.02.02"]
[Round "3.60"]
[White "Iljiushenok, Ilia"]
[Black "Sakaev, Konstantin"]
[Result "0-1"]
[WhiteElo "2360"]
[BlackElo "2619"]
[Annotator ""]
[Source ""]
[Remark ""]

1.e4 c5 2.Nf3 e6 3.d4 cxd4 4.Nxd4 Nf6 5.Nc3 d6 6.Be2 a6 7.O-O
Qc7 8.Be3 b5 9.a3 Bb7 10.Bd3 Nbd7 11.f4 Be7 12.Qf3 Rc8 13.Rae1
Qb8 14.Qh3 Nc5 15.Bf2 Nxd3 16.cxd3 Nd7 17.Nf3 Rc7 18.Bh4 Bxh4
19.Qxh4 Qd8 20.Qg3 O-O 21.Kh1 h6 22.Rc1 Nc5 23.Nd4 Qf6 24.Qe3
Re8 25.f5 e5 26.Nf3 Nb3 27.Rcd1 Nd4 28.g4 a5 29.Ne2 Nxf3 30.Qxf3
Rc2 31.b4 axb4 32.axb4 d5 33.Rfe1 dxe4 34.dxe4 Qc6 0-1

[Event "Moscow Open 2009 A"]
[Site ""]
[Date "2009.02.02"]
[Round "3.61"]
[White "Onoprijchuk, Boris"]
[Black "Vaganian, Rafael A"]
[Result "0-1"]
[WhiteElo "2358"]
[BlackElo "2596"]
[Annotator ""]
[Source ""]
[Remark ""]

1.e4 e6 2.d4 d5 3.Nd2 c5 4.exd5 exd5 5.Ngf3 Nf6 6.Bb5+ Bd7 7.Bxd7+
Nbxd7 8.O-O Be7 9.dxc5 Nxc5 10.Nb3 Nce4 11.Be3 O-O 12.Qd3 Re8
13.Rad1 Qc7 14.h3 a6 15.c3 b5 16.Nbd4 Bf8 17.Nf5 Qd7 18.N3d4
Bd6 19.Nc2 0-1

[Event "Moscow Open 2009 A"]
[Site ""]
[Date "2009.02.02"]
[Round "3.62"]
[White "Biryukov, Dmitriy"]
[Black "Vorobiov, Evgeny E"]
[Result "0-1"]
[WhiteElo "2357"]
[BlackElo "2591"]
[Annotator ""]
[Source ""]
[Remark ""]

1.e4 c5 2.Nf3 d6 3.d4 cxd4 4.Nxd4 Nf6 5.Nc3 a6 6.f3 e6 7.Be3
b5 8.g4 h6 9.a3 Nbd7 10.Qd2 Bb7 11.h4 Ne5 12.Rg1 Rc8 13.g5 hxg5
14.hxg5 Nxf3+ 15.Nxf3 Nxe4 16.Nxe4 Bxe4 17.Nd4 e5 18.Nxb5 Rxc2
19.Qb4 d5 20.Qa4 axb5 21.Bxb5+ Ke7 22.Rc1 Rxc1+ 23.Bxc1 Ke6 24.Rf1
Bd6 25.Bd2 Qc7 26.Qd1 Rh4 27.Bc3 Qc5 28.a4 Qe3+ 29.Qe2 Qc1+ 30.Qd1
Qxg5 31.Qd2 Qg3+ 32.Qf2 Qxf2+ 33.Rxf2 Bc5 34.Re2 d4 35.Bc4+ Bd5
36.Bxd5+ Kxd5 37.Ba5 d3 38.Rg2 Be3 39.Kd1 Rxa4 0-1

[Event "Moscow Open 2009 A"]
[Site ""]
[Date "2009.02.02"]
[Round "3.63"]
[White "Ajrapetian, Gevorg"]
[Black "Iordachescu, Viorel"]
[Result "0-1"]
[WhiteElo "2350"]
[BlackElo "2584"]
[Annotator ""]
[Source ""]
[Remark ""]

1.e4 c6 2.d4 d5 3.e5 Bf5 4.Be3 Qb6 5.Qc1 e6 6.c4 dxc4 7.Nd2 Qd8
8.Nxc4 b5 9.Nd2 Ne7 10.Ngf3 Nd5 11.a3 Be7 12.Be2 O-O 13.O-O Qb6
14.Nb3 Nd7 15.Qd2 Nxe3 16.Qxe3 a5 17.Rac1 Rfd8 18.Nc5 b4 19.a4
Nxc5 20.dxc5 Qa7 21.Rc4 Rd5 22.Rfc1 Rad8 23.h4 Qd7 24.Kh2 h6
25.Qf4 Bd3 26.Bxd3 Rxd3 27.Qe4 Qd5 28.Qxd5 R8xd5 29.Kg3 Rxe5
30.Kf4 Red5 31.R1c2 g5+ 0-1

[Event "Moscow Open 2009 A"]
[Site ""]
[Date "2009.02.02"]
[Round "3.64"]
[White "Khairullin, Ildar"]
[Black "Zimmerman, Yuri"]
[Result "1/2-1/2"]
[WhiteElo "2574"]
[BlackElo "2341"]
[Annotator ""]
[Source ""]
[Remark ""]

1.d4 Nf6 2.c4 g6 3.Nc3 Bg7 4.e4 d6 5.f3 O-O 6.Be3 Nc6 7.Nge2
a6 8.Qd2 Rb8 9.Rc1 e6 10.g3 Ne8 11.Bg2 f5 12.O-O Nf6 13.b3 fxe4
14.fxe4 e5 15.d5 Ne7 16.h3 Bd7 1/2-1/2

[Event "Moscow Open 2009 A"]
[Site ""]
[Date "2009.02.02"]
[Round "3.65"]
[White "Popilski, Gil"]
[Black "Chuprov, Dmitry"]
[Result "0-1"]
[WhiteElo "2348"]
[BlackElo "2571"]
[Annotator ""]
[Source ""]
[Remark ""]

1.e4 c5 2.Nf3 Nc6 3.d4 cxd4 4.Nxd4 g6 5.c4 Bg7 6.Be3 Nf6 7.Nc3
Ng4 8.Qxg4 Nxd4 9.Qd1 Ne6 10.Rc1 Qa5 11.Qd2 d6 12.f3 Bd7 13.b3
Bc6 14.Nd5 Qxd2+ 15.Kxd2 a5 16.Rc2 Rc8 17.Bd3 Nc5 18.Be2 e6 19.Nc3
f5 20.exf5 gxf5 21.Rd1 Ke7 22.Ke1 Rhg8 23.g3 b6 24.Bg5+ Kf7 25.Bh4
Bf8 26.Rcd2 Kg6 27.f4 Bg7 28.Rc2 Ne4 29.Nxe4 Bxe4 30.Bd3 d5 31.Bxe4
fxe4 32.Re2 dxc4 33.bxc4 Rxc4 0-1

[Event "Moscow Open 2009 A"]
[Site ""]
[Date "2009.02.02"]
[Round "3.66"]
[White "Iljushin, Alexei"]
[Black "Tenikashvili, Georgij"]
[Result "1-0"]
[WhiteElo "2564"]
[BlackElo "2324"]
[Annotator ""]
[Source ""]
[Remark ""]

1.d4 d5 2.c4 dxc4 3.e4 e5 4.Nf3 exd4 5.Bxc4 Nc6 6.O-O Be6 7.Bb5
Bc5 8.b4 Bb6 9.a4 a5 10.bxa5 Bxa5 11.Nxd4 Bd7 12.Nxc6 bxc6 13.Bc4
Qf6 14.Ra3 Be6 15.e5 Qe7 16.Qf3 Qc5 17.Bxe6 fxe6 18.Qg4 Ne7 19.Qxg7
Rg8 20.Qxh7 O-O-O 21.Rd3 Nf5 22.Rxd8+ Rxd8 23.Qg6 Rd5 24.Qg8+
Kb7 25.Qxe6 Rxe5 26.Qb3+ Bb6 27.Qd1 Rd5 28.Nd2 Qb4 29.Qe2 Qxa4
30.Nf3 Qg4 31.h3 Qh5 32.Re1 Rb5 33.Kh2 1-0

[Event "Moscow Open 2009 A"]
[Site ""]
[Date "2009.02.02"]
[Round "3.67"]
[White "Sjugirov, Sanan"]
[Black "Tappyrov, Vladimir"]
[Result "1-0"]
[WhiteElo "2562"]
[BlackElo "2317"]
[Annotator ""]
[Source ""]
[Remark ""]

1.e4 e6 2.d4 d5 3.Nd2 c5 4.exd5 exd5 5.Ngf3 Nc6 6.Bb5 Bd6 7.O-O
Nge7 8.dxc5 Bxc5 9.Nb3 Bd6 10.Bg5 f6 11.Bh4 O-O 12.Bg3 Bg4 13.Re1
Rc8 14.Be2 Bxg3 15.hxg3 Qb6 16.Qd2 Rcd8 17.Bd3 Kh8 18.Qf4 Bxf3
19.gxf3 Qb4 20.Qc1 Ne5 21.Be2 N7c6 22.c3 Qb6 23.f4 Nc4 24.Qc2
g6 25.Bf3 1-0

[Event "Moscow Open 2009 A"]
[Site ""]
[Date "2009.02.02"]
[Round "3.68"]
[White "Tarasov, Oleg"]
[Black "Rakhmanov, Aleksandr"]
[Result "0-1"]
[WhiteElo "2340"]
[BlackElo "2541"]
[Annotator ""]
[Source ""]
[Remark ""]

1.e4 e6 2.d4 d5 3.Nc3 Nf6 4.e5 Nfd7 5.f4 c5 6.Nf3 Nc6 7.Be3 a6
8.Qd2 b5 9.dxc5 Bxc5 10.Bxc5 Nxc5 11.Bd3 b4 12.Ne2 Qb6 13.Ned4
Bd7 14.Qf2 Nxd4 15.Qxd4 O-O 16.O-O Rfb8 17.g4 b3 18.axb3 Nxd3
19.cxd3 Qxd4+ 20.Nxd4 Rb4 21.Ne2 Rxb3 22.Ra3 Rxb2 23.Kf2 a5 24.Ke3
a4 25.h4 Rc8 26.f5 Rcc2 27.Nd4 Rh2 28.fxe6 fxe6 29.Rc3 Rh3+ 30.Nf3
h6 31.g5 hxg5 32.hxg5 Rb8 33.Kf4 Rb4+ 34.d4 Rxd4+ 35.Nxd4 Rxc3 0-1

[Event "Moscow Open 2009 A"]
[Site ""]
[Date "2009.02.02"]
[Round "3.69"]
[White "Bryzgalin, Kirill"]
[Black "Rzayev, Bahruz"]
[Result "1-0"]
[WhiteElo "2537"]
[BlackElo "2313"]
[Annotator ""]
[Source ""]
[Remark ""]

1.d4 f5 2.c4 e6 3.Nc3 d5 4.Bf4 c6 5.e3 Nf6 6.Nf3 Bd6 7.Bd3 O-O
8.O-O h6 9.Qc2 Ne4 10.Ne2 g5 11.Bxd6 Nxd6 12.Ne5 Nd7 13.f3 Nxe5
14.dxe5 Nxc4 15.Bxc4 dxc4 16.Rfd1 Qb6 17.Qc3 a5 18.Rd4 Rd8 19.Rd6
Rxd6 20.exd6 Bd7 21.Qf6 Qxe3+ 22.Kf1 g4 23.f4 b5 24.Qg6+ Kf8
25.Qxh6+ Kg8 26.Rd1 Ra7 27.Qg6+ Kf8 28.Qf6+ Kg8 29.Qg5+ Kf7 30.Ng3
Be8 31.Nh5 1-0

[Event "Moscow Open 2009 A"]
[Site ""]
[Date "2009.02.02"]
[Round "3.70"]
[White "Bukavshin, Ivan"]
[Black "Kharitonov, Alexandr"]
[Result "1/2-1/2"]
[WhiteElo "2326"]
[BlackElo "2537"]
[Annotator ""]
[Source ""]
[Remark ""]

1.d4 d5 2.c4 c6 3.Nc3 Nf6 4.e3 g6 5.Nf3 Bg7 6.Bd3 O-O 7.O-O a6
8.b3 Bf5 9.Bxf5 gxf5 10.Qd3 e6 11.cxd5 cxd5 12.Ba3 Re8 13.Na4
Ne4 14.Nd2 Qa5 15.Nxe4 fxe4 16.Qc3 Qxc3 17.Nxc3 Nd7 18.Rac1 Rec8
19.f3 exf3 20.gxf3 Rc6 21.Ne2 Rac8 22.Rxc6 Rxc6 23.Rc1 Rxc1+
24.Nxc1 f6 25.Nd3 Kf7 26.Kf2 f5 1/2-1/2

[Event "Moscow Open 2009 A"]
[Site ""]
[Date "2009.02.02"]
[Round "3.71"]
[White "Kalmachevskikh, Viktor"]
[Black "Novikov, Stanislav"]
[Result "0-1"]
[WhiteElo "2306"]
[BlackElo "2523"]
[Annotator ""]
[Source ""]
[Remark ""]

1.c4 g6 2.g3 Bg7 3.Bg2 Nf6 4.Nc3 O-O 5.e3 d6 6.Nge2 e5 7.O-O
c6 8.d4 Re8 9.dxe5 dxe5 10.Qxd8 Rxd8 11.b3 Na6 12.Ba3 Bf8 13.Bxf8
Kxf8 14.Rfd1 Be6 15.Rxd8+ Rxd8 16.Rd1 Rxd1+ 17.Nxd1 Nb4 18.Ndc3
Ke7 19.Kf1 Nd7 20.Nc1 f5 21.Ke2 e4 22.h4 Ne5 23.Kd2 a5 24.Bf1
Kd6 25.Be2 Na6 26.Na4 Nc5 27.Nc3 b6 28.Kc2 h6 29.Nd1 Bd7 30.a3
Be6 31.Nb2 Bf7 32.Kc3 Ncd7 33.Kd2 g5 34.hxg5 hxg5 35.Na2 Nf6
36.Nc3 Bh5 37.Bxh5 Nxh5 38.b4 axb4 39.axb4 Nf6 40.Ncd1 b5 41.Kc3
Ke6 42.Kd4 bxc4 43.Nxc4 Nd3 44.Ncb2 Nxb4 45.Kc5 Nd3+ 46.Nxd3
exd3 47.Kd4 d2 48.Kd3 Ne4 49.g4 Nc5+ 50.Kd4 Na4 51.gxf5+ Kxf5
52.Kd3 g4 53.Kd4 c5+ 54.Kd5 c4 55.e4+ Kf4 56.Kxc4 Kxe4 57.Kb3
Kd3 58.Kxa4 Ke2 59.Nc3+ Ke1 0-1

[Event "Moscow Open 2009 A"]
[Site ""]
[Date "2009.02.02"]
[Round "3.72"]
[White "Zhumabayev, Rinat"]
[Black "Prosviriakov, Vladimir"]
[Result "1-0"]
[WhiteElo "2522"]
[BlackElo "2305"]
[Annotator ""]
[Source ""]
[Remark ""]

1.d4 d6 2.Nf3 g6 3.g3 Bg7 4.c4 Bg4 5.Bg2 c5 6.dxc5 Qa5+ 7.Nc3
Bxc3+ 8.bxc3 Qxc5 9.Rb1 Bc8 10.Qd4 Nf6 11.Qxc5 dxc5 12.Ne5 Nbd7
13.Bf4 Nb6 14.Bh6 Rb8 15.O-O Nfd7 16.Bf4 O-O 17.Nxd7 Bxd7 18.Bxb8
Rxb8 19.Rfd1 Ba4 20.Rd2 Kf8 21.f4 e6 22.Rd6 Ke7 23.Rdxb6 axb6
24.Rxb6 Kd7 25.Bxb7 Kc7 26.Ra6 Kxb7 27.Rxa4 Re8 28.Kf2 e5 29.fxe5
Rxe5 30.Ra5 f5 31.a4 Kb6 32.Rb5+ Kc6 33.a5 Re4 34.a6 Re7 35.Rb7
Re4 36.Rxh7 Rxc4 37.a7 Ra4 38.Ke3 Kd5 39.Kd3 c4+ 40.Ke3 Ke5 41.Re7+
Kf6 42.Rc7 Ke5 43.Rg7 Kf6 44.Rb7 Ke5 45.Rb5+ Ke6 46.Rb6+ Ke5
47.Rxg6 Rxa7 48.Rb6 Ra2 49.Rb5+ Ke6 50.Rc5 Ra4 51.Kd4 1-0

[Event "Moscow Open 2009 A"]
[Site ""]
[Date "2009.02.02"]
[Round "3.73"]
[White "Solovjev, Nikolay"]
[Black "Tunik, Gennady"]
[Result "0-1"]
[WhiteElo "2304"]
[BlackElo "2506"]
[Annotator ""]
[Source ""]
[Remark ""]

1.d4 Nf6 2.c4 e6 3.Nc3 Bb4 4.e3 O-O 5.Bd3 c5 6.d5 b5 7.dxe6 bxc4
8.exd7 Bb7 9.Bf1 Nbxd7 10.Nf3 Nb6 11.Bd2 Qe7 12.Be2 Ne4 13.O-O
Rad8 14.Qc1 Rd6 15.a3 Bxc3 16.Bxc3 Rg6 17.Be5 Nxf2 18.Rxf2 Bxf3
19.Bxg7 Bxg2 20.Bxf8 Be4+ 21.Kf1 Kxf8 22.Qd2 Qh4 23.Rc1 Qh3+
24.Ke1 Rg1+ 25.Rf1 Qh4+ 26.Kd1 Rg6 27.Rc3 Qe7 28.Kc1 Rd6 29.Qe1
Bg6 30.Bxc4 Nxc4 31.Rxc4 Bd3 32.Rc3 Bxf1 33.Qxf1 Qe4 34.Qe1 Rd5
35.Rc2 Rd3 36.Rc3 Rd5 37.Rc2 Rd3 38.Rc3 Rxc3+ 39.bxc3 Qa4 40.Kb2
c4 41.Qa1 Qb3+ 42.Kc1 a5 43.Kd2 Ke8 44.h3 Kd7 45.Qc1 Qa2+ 46.Kd1
Ke7 47.e4 Ke8 48.Ke1 h5 49.Kf1 Qh2 0-1

[Event "Moscow Open 2009 A"]
[Site ""]
[Date "2009.02.02"]
[Round "3.74"]
[White "Naumkin, Igor"]
[Black "Seliverstov, Vladimir"]
[Result "1-0"]
[WhiteElo "2501"]
[BlackElo "2303"]
[Annotator ""]
[Source ""]
[Remark ""]

1.d4 d5 2.c4 c6 3.Nf3 Nf6 4.Nc3 dxc4 5.a4 Bg4 6.e4 e5 7.Be3 Bb4
8.Bxc4 O-O 9.O-O Bxc3 10.bxc3 Nxe4 11.Qd3 Bxf3 12.gxf3 exd4 13.Bxd4
Nd6 14.Ba2 c5 15.Be3 Qf6 16.Rad1 Nf5 17.Bxc5 Rc8 18.Be7 Qxe7
19.Qxf5 Rf8 20.Rfe1 Qc7 21.h4 Na6 22.Rd7 Qxc3 23.Bxf7+ Kh8 24.Re5
Qc6 25.Rxb7 Rad8 26.Kg2 Rd2 27.Qe4 Qd6 28.Re8 Nc5 29.Rxf8+ Qxf8
30.Qe7 Qxe7 31.Rxe7 g6 32.Rxa7 Rd4 33.a5 Rxh4 34.Rc7 Na6 35.Rc8+
Kg7 36.Bc4 Rh5 37.Bxa6 Rxa5 38.Rc7+ 1-0

[Event "Moscow Open 2009 A"]
[Site ""]
[Date "2009.02.02"]
[Round "3.75"]
[White "Ipatov, Alexander"]
[Black "Korovianski, Dmitry"]
[Result "1-0"]
[WhiteElo "2493"]
[BlackElo "2281"]
[Annotator ""]
[Source ""]
[Remark ""]

1.d4 Nf6 2.c4 e6 3.Nc3 d5 4.cxd5 exd5 5.Bg5 Bb4 6.e3 O-O 7.Bd3
Bxc3+ 8.bxc3 Nbd7 9.Ne2 h6 10.Bh4 c5 11.O-O Re8 12.c4 cxd4 13.Nxd4
dxc4 14.Bxc4 Ne5 15.Bb5 Bd7 16.Bxd7 Nexd7 17.Qf3 g5 18.Bg3 Ne4
19.Rad1 Qf6 20.Qg4 Ndc5 21.h4 Rad8 22.Bc7 Rd7 23.Ba5 h5 24.Qxh5
gxh4 25.Nf3 Rxd1 26.Rxd1 b6 27.Be1 Rd8 28.Rxd8+ Qxd8 29.Nxh4
Qf6 30.Qg4+ Kf8 31.Qc8+ Kg7 32.Nf5+ Kh7 33.Nd4 Qg6 34.f3 Nd3
35.Qh3+ Qh6 36.Bh4 Nd6 37.Kh2 Ne5 38.Bg3 Ndc4 39.Bxe5 Nxe5 40.e4
a6 41.g4 Nd3 42.Qxh6+ Kxh6 43.Kg3 b5 44.f4 b4 45.Nb3 Nb2 46.Kf3
Nd1 47.Nc1 a5 48.Ne2 Nc3 49.Ke3 Na4 50.a3 1-0

[Event "Moscow Open 2009 A"]
[Site ""]
[Date "2009.02.02"]
[Round "3.76"]
[White "Petrosian, Davit G"]
[Black "Kurdakov, Yuri"]
[Result "1-0"]
[WhiteElo "2477"]
[BlackElo "2277"]
[Annotator ""]
[Source ""]
[Remark ""]

1.e4 e6 2.d4 d5 3.Nc3 Bb4 4.e5 b6 5.f4 Bf8 6.Nf3 Qd7 7.Bd3 Ba6
8.O-O Bxd3 9.cxd3 Ne7 10.Ne2 h5 11.h3 Nbc6 12.Bd2 Nf5 13.Rc1
Nb4 14.g4 hxg4 15.hxg4 Nxd3 16.gxf5 Nxc1 17.Nxc1 O-O-O 18.Nd3 1-0

[Event "Moscow Open 2009 A"]
[Site ""]
[Date "2009.02.02"]
[Round "3.77"]
[White "Rakhimgaliyev, Erlan"]
[Black "Bezgodov, Alexei"]
[Result "1/2-1/2"]
[WhiteElo "2272"]
[BlackElo "2475"]
[Annotator ""]
[Source ""]
[Remark ""]

1.e4 e5 2.Nf3 Nc6 3.Bb5 Nf6 4.O-O Nxe4 5.d4 Nd6 6.Bxc6 dxc6 7.dxe5
Nf5 8.Qxd8+ Kxd8 9.Rd1+ Ke8 10.Nc3 Be7 11.h3 h5 12.b3 b6 13.Bb2
Bb7 14.Ne2 c5 15.Nf4 Rd8 16.Rxd8+ Bxd8 17.Rd1 Rh6 18.Nd5 Ne7
19.c4 Nxd5 20.cxd5 g5 21.Rd3 Ba6 22.Rc3 g4 23.hxg4 hxg4 24.Nh2
Rg6 25.Rg3 Bc8 26.Nf1 Bg5 27.Rd3 a5 28.Ng3 Rh6 29.Rd1 Bb7 30.Nf5
Rg6 31.e6 Bc8 32.Be5 fxe6 33.dxe6 Bxe6 34.Ng7+ Kf7 35.Nxe6 Rxe6
36.Bxc7 Rc6 37.Bb8 b5 38.Be5 c4 39.bxc4 bxc4 40.Bc3 Bf6 41.Bxf6
Kxf6 42.Kf1 Ke5 43.Ke2 Rb6 44.Ke3 Rb2 45.Rd4 Rxa2 46.Rxc4 Ra3+
47.Ke2 Kf5 48.Rc8 a4 49.Rc4 1/2-1/2

[Event "Moscow Open 2009 A"]
[Site ""]
[Date "2009.02.02"]
[Round "3.78"]
[White "Mozharov, Mikhail"]
[Black "Cherenkova, Kristina"]
[Result "1/2-1/2"]
[WhiteElo "2475"]
[BlackElo "2270"]
[Annotator ""]
[Source ""]
[Remark ""]

1.d4 Nf6 2.c4 g6 3.Nf3 Bg7 4.g3 O-O 5.Bg2 c6 6.O-O d5 7.cxd5
cxd5 8.Ne5 Nbd7 9.Nc3 Nxe5 10.dxe5 Ng4 11.Nxd5 Nxe5 12.Bg5 Nc6
13.Rc1 h6 14.Rxc6 hxg5 15.Rc7 Kh8 16.Rxe7 Be6 17.Rxb7 Qa5 18.Ne7
Qxa2 19.Qc1 Bf6 20.h4 Rab8 21.hxg5 Bxe7 22.Rxe7 Qxb2 23.Rxa7 1/2-1/2

[Event "Moscow Open 2009 A"]
[Site ""]
[Date "2009.02.02"]
[Round "3.79"]
[White "Lushenkov, Mikhail"]
[Black "Vorobjov, Denis S"]
[Result "1/2-1/2"]
[WhiteElo "2462"]
[BlackElo "2259"]
[Annotator ""]
[Source ""]
[Remark ""]

1.c4 Nf6 2.Nf3 g6 3.Nc3 c5 4.d4 cxd4 5.Nxd4 Bg7 6.g3 O-O 7.Bg2
Nc6 8.O-O Nxd4 9.Qxd4 d6 10.Qd3 Nd7 11.b3 Nc5 12.Qe3 Bd7 13.Bd2
Bc6 14.Rac1 Bxg2 15.Kxg2 Qd7 16.Rfd1 Qc6+ 17.f3 e6 18.Nb5 Rfd8
19.Bc3 a6 20.Bxg7 Kxg7 21.Nxd6 f6 22.b4 Rxd6 23.bxc5 Rd7 24.Rb1
Rc8 25.Rd3 Re7 26.Rdb3 g5 27.g4 Qxc5 28.Qxc5 Rxc5 29.Rxb7 Kf7
30.R1b4 a5 31.Rxe7+ Kxe7 32.Rb5 Rxc4 1/2-1/2

[Event "Moscow Open 2009 A"]
[Site ""]
[Date "2009.02.02"]
[Round "3.80"]
[White "Nukin, Ashat"]
[Black "Krylov, Mikhail"]
[Result "1-0"]
[WhiteElo "2270"]
[BlackElo "2459"]
[Annotator ""]
[Source ""]
[Remark ""]

1.e4 g6 2.d4 Bg7 3.Nf3 d6 4.Nc3 a6 5.Be2 b5 6.O-O Nd7 7.Be3 Bb7
8.Re1 b4 9.Nd5 Bxd5 10.exd5 Nb6 11.a3 bxa3 12.Rxa3 Nxd5 13.Bxa6
Rb8 14.c4 Nxe3 15.fxe3 e6 16.Bb5+ Kf8 17.e4 Ne7 18.Qd2 c6 19.Ba4
h6 20.Rf1 Kg8 21.Qf2 f5 22.exf5 exf5 23.Re1 Bf6 24.Rae3 Kf7 25.Re6
Qa5 26.Qe3 Rbe8 27.Bxc6 Nxc6 28.Rxe8 Qxe1+ 29.Qxe1 Rxe8 30.Qd2
g5 31.d5 Ne5 32.Nxe5+ Rxe5 33.Qb4 Be7 34.Qb7 Re1+ 35.Kf2 Rc1
36.Qc8 Rc2+ 37.Kf1 Kg6 38.Qg8+ 1-0